000
00339nam a2200145Ia 4500
003
OSt
005
20231230084518.0
008
170523s9999 xx 000 0 und d
020
_a
9788126519859
040
_c
IIMYU
100
_a
Ramachandran- K.P.
245
0
_a
Mechatronics & Microprocessors
260
_a
Wiley India
942
_2
ddc
_c
03
999
_c
12437
_d
12437